LEADER 01011nam a22002771i 4500 001 991004100339707536 005 20021108130333.0 008 020628s1996 it |||||||||||||||||ita 020 $a8831763784 035 $ab11912765-39ule_inst 035 $aARCHE-000259$9ExL 040 $aDip.to Filologia Ling. e Lett.$bita$cA.t.i. Arché s.c.r.l. Pandora Sicilia s.r.l. 082 04$a851.009 100 1 $aAgamben, Giorgio$035813 245 10$aCategorie italiane :$bstudi di poetica /$cGiorgio Agamben 260 $aVenezia :$bMarsilio,$c1996 300 $aVIII, 139 p. ;$c22 cm 490 0 $aSaggi [Marsilio] 500 $aSegue: Appendice. - Scritti in parte gia pubbl 650 4$aPoesia italiana 907 $a.b11912765$b28-04-17$c01-04-03 912 $a991004100339707536 945 $aLE008 FL.M. X C 96$g1$iLE008N-11994$lle008$o-$pE0.00$q-$rl$s- $t0$u0$v0$w0$x0$y.i12181389$z01-04-03 996 $aCategorie italiane$9227901 997 $aUNISALENTO 998 $ale008$b01-04-03$cm$da $e-$fita$git $h0$i1 LEADER 01573nam 22005534a 450 001 9910143257703321 005 20230607221020.0 010 $a1-280-21346-9 010 $a9786610213467 010 $a0-470-70954-5 010 $a0-470-77608-0 010 $a1-4051-4750-4 035 $a(CKB)1000000000351704 035 $a(SSID)ssj0000097199 035 $a(PQKBManifestationID)11114163 035 $a(PQKBTitleCode)TC0000097199 035 $a(PQKBWorkID)10112290 035 $a(PQKB)10604591 035 $a(MiAaPQ)EBC238354 035 $a(Au-PeEL)EBL238354 035 $a(CaPaEBR)ebr10158557 035 $a(CaONFJC)MIL21346 035 $a(OCoLC)437151730 035 $a(EXLCZ)991000000000351704 100 $a20021003d2002 uy 0 101 0 $aeng 135 $aurcn||||||||| 181 $ctxt 182 $cc 183 $acr 200 00$aAddiction$b[electronic resource] $eevolution of a specialist field /$fedited by Griffith Edwards 210 $aOsney Mead, OX ;$aMalden, MA $cBlackwell Science$dc2002 215 $aviii, 400 p 300 $aBibliographic Level Mode of Issuance: Monograph 311 $a0-632-05976-1 320 $aIncludes bibliographical references and indexes. 606 $aSubstance abuse 606 $aAddicts 615 0$aSubstance abuse. 615 0$aAddicts. 676 $a362.29 701 $aEdwards$b Griffith$0784896 801 0$bMiAaPQ 801 1$bMiAaPQ 801 2$bMiAaPQ 906 $aBOOK 912 $a9910143257703321 996 $aAddiction$91918494 997 $aUNINA